| 000 | 00450pab a2200157 454500 | ||
|---|---|---|---|
| 008 | 180718b1987 xxu||||| |||| 00| 0 eng d | ||
| 100 | _aSarkar, Nitynanda | ||
| 245 | _aDependence of the small scale manufacturing enterprises on the organised sector - some evidences | ||
| 260 | _c1987 | ||
| 300 | _a286-96 | ||
| 362 | _aSept. | ||
| 650 | _aIndustry, Small Scale - India | ||
| 700 | _aRobin Mukherjee | ||
| 773 | _aArtha Vijnana | ||
| 909 | _a10741 | ||
| 999 |
_c10741 _d10741 |
||